An Examination of factors that influence students' IT Career decision/ (Record no. 361731)
[ view plain ]
| 000 -LEADER | |
|---|---|
| fixed length control field | 00602nam a2200181Ia 4500 |
| 008 - FIXED-LENGTH DATA ELEMENTS--GENERAL INFORMATION | |
| fixed length control field | 190427s9999 xx 000 0 und d |
| 100 ## - MAIN ENTRY--PERSONAL NAME | |
| Personal name | Young, Diana K |
| 245 #3 - TITLE STATEMENT | |
| Title | An Examination of factors that influence students' IT Career decision/ |
| 245 ## - TITLE STATEMENT | |
| Statement of responsibility, etc | Diana K. Young Darell Carpenter and Michele Maasberg.-- |
| 260 ## - PUBLICATION, DISTRIBUTION, ETC. (IMPRINT) | |
| Name of publisher, distributor, etc | Taylor and Francis Group |
| 260 ## - PUBLICATION, DISTRIBUTION, ETC. (IMPRINT) | |
| Date of publication, distribution, etc | 2018 |
| 300 ## - PHYSICAL DESCRIPTION | |
| Extent | pages 253-263, 2018 |
| 440 ## - SERIES STATEMENT/ADDED ENTRY--TITLE | |
| Title | Journal of Computer Inforamation System |
| Volume number/sequential designation | 58(3) |
| 650 ## - SUBJECT ADDED ENTRY--TOPICAL TERM | |
| Topical term or geographic name as entry element | Career Optimism |
| 650 ## - SUBJECT ADDED ENTRY--TOPICAL TERM | |
| Topical term or geographic name as entry element | Career Planning |
| 650 ## - SUBJECT ADDED ENTRY--TOPICAL TERM | |
| Topical term or geographic name as entry element | Job Related Beliefs |
| 650 ## - SUBJECT ADDED ENTRY--TOPICAL TERM | |
| Topical term or geographic name as entry element | Occupational Congruence |
| Withdrawn status | Lost status | Damaged status | Home library | Current library | Date acquired | Total Checkouts | Date last seen | Price effective from | Koha item type |
|---|---|---|---|---|---|---|---|---|---|
| College Library | College Library | 04/27/2019 | 04/27/2019 | 04/27/2019 | Periodicals |